000 00332nam a2200145Ia 4500
100 _aRoberts/ Simon/ Heller/ Philips
942 _cBK
654 _aComputer
245 _aJava 2 Certification Study Guide
260 _bBPB Pub
_aMumbai
_c1999
082 _a005.133'J'
_bROB/
300 _a885
546 _aENGLISH
999 _c34954
_d34954